| 000 | 01628nas a2200277Ia 4500 | ||
|---|---|---|---|
| 001 | R050-S3062 | ||
| 003 | IT-CnALBA | ||
| 008 | 170116c99999999xx |||||||||||| ||und|| | ||
| 040 |
_aIT-CnALBA _cIT-CnALBA |
||
| 041 | _aITALIANO | ||
| 100 | _aFALSINI RINALDO, OFM. | ||
| 210 | _aRIVISTA DI PASTORALE LITURGICA | ||
| 222 | _aRIVISTA DI PASTORALE LITURGICA | ||
| 245 | 0 | _aRIVISTA DI PASTORALE LITURGICA. SETTEMBRE 1975. ORGANO CAL. | |
| 250 | _a1a ed. | ||
| 260 |
_a BRESCIA _bQUERINIANA EDIT. LIBR. VESC. _c1975 |
||
| 300 | _a76 p. | ||
| 310 | _aBIMESTRALE | ||
| 362 | _aFascicolo: 72 / Anno: 12 (1975) | ||
| 500 | _aUFFICIO LITURGICO, TORINO. RIFLESSIONI E PROPOSTE MESSA DOMENICALE. IL PRECETTO DOMENICALE, QUALE GIUSTIFICAZIONE? PROBLEMI LITURGIA PAROLA. COSTA E. J. BORELLO L. MIGNONE M. CATTANEO E. BERGAMINI A. REGIA CELEBRAZIONE EUCARISTICA FESTIVA. CATECHESI MESSA, ISTANZE E PROSPETTIVE. COLLABORAZIONE TRA PARROCCHIA E CHIESE OFFICIATE DAI RELIGIOSI. MESSE IN ZONE TURISTICHE. SCHEMI OMELIE. CRONACHE. | ||
| 501 | _aSocietà San Paolo EM - Piazza San Paolo, 14 - 12051 ALBA (CN) (non commercial uses only) ® Copyright 2017 | ||
| 520 | _aUFFICIO LITURGICO, TORINO. RIFLESSIONI E PROPOSTE MESSA DOMENICALE. IL PRECETTO DOMENICALE, QUALE GIUSTIFICAZIONE? PROBLEMI LITURGIA PAROLA. COSTA E. J. BORELLO L. MIGNONE M. CATTANEO E. BERGAMINI A. REGIA CELEBRAZIONE EUCARISTICA FESTIVA. CATECHESI MESSA, ISTANZE E PROSPETTIVE. COLLABORAZIONE TRA PARROCCHIA E CHIESE OFFICIATE DAI RELIGIOSI. MESSE IN ZONE TURISTICHE. SCHEMI OMELIE. CRONACHE. | ||
| 650 | _aTEOLOGIA PASTORALE | ||
| 942 | _cCR | ||
| 957 | _71 | ||
| 999 |
_a64952 _bNO _g1 _c331648 _d331648 |
||